000 00673nam a2200277Ia 4500
008 210210b2012 xxu||||| |||| 00| 0 eng d
020 _a9780198077157
041 _aeng
082 _a305.230954 KAKI
100 _aKAKAR (Sudhir)
245 _aInner world: a psychoanalytic study of childhood and socieity in India Ed 4
250 _a
260 _aNew Delhi
_bOxford University Press
_c2012
300 _axx,272
650 _aworld:
650 _astudy
650 _asocieity
650 _apsychoanalytic
650 _aInner
650 _aIndia
650 _aEd
650 _achildhood
650 _a4
690 _aSocial Groups
906 _a074119
999 _c123945
_d123945